Programming in C and Numerical Methods Sem 4 (Record no. 11119)

MARC details
000 -LEADER
fixed length control field 00555nam a22002297a 4500
003 - CONTROL NUMBER IDENTIFIER
control field OSt
008 - FIXED-LENGTH DATA ELEMENTS--GENERAL INFORMATION
fixed length control field 220409b ||||| |||| 00| 0 eng d
020 ## - INTERNATIONAL STANDARD BOOK NUMBER
International Standard Book Number 9380896204
082 ## - DEWEY DECIMAL CLASSIFICATION NUMBER
Classification number 001 JAP
100 ## - MAIN ENTRY--PERSONAL NAME
Personal name JAIN,Geeta
245 ## - TITLE STATEMENT
Title Programming in C and Numerical Methods Sem 4
250 ## - EDITION STATEMENT
Edition statement 11th Ed
260 ## - PUBLICATION, DISTRIBUTION, ETC. (IMPRINT)
Place of publication, distribution, etc New Delhi
Name of publisher, distributor, etc Jeevansons Publications
Date of publication, distribution, etc 2022
300 ## - PHYSICAL DESCRIPTION
Extent MISC
650 ## - SUBJECT ADDED ENTRY--TOPICAL TERM
Topical term or geographic name as entry element BA/BSC
700 ## - ADDED ENTRY--PERSONAL NAME
Personal name SEHGAL,Amit
700 ## - ADDED ENTRY--PERSONAL NAME
Personal name GUPTA,Vishakha
700 ## - ADDED ENTRY--PERSONAL NAME
Personal name BANSAL,Priti
700 ## - ADDED ENTRY--PERSONAL NAME
Personal name Rajni
700 ## - ADDED ENTRY--PERSONAL NAME
Personal name DAHIYA,Ashok
942 ## - ADDED ENTRY ELEMENTS (KOHA)
Source of classification or shelving scheme Dewey Decimal Classification
Koha item type Text Books
942 ## - ADDED ENTRY ELEMENTS (KOHA)
-- 12
Holdings
Withdrawn status Lost status Source of classification or shelving scheme Damaged status Not for loan Collection code Home library Current library Date acquired Source of acquisition Currency Cost, normal purchase price Bill Number Total Checkouts Full call number Acc. no. / Barcode Date last seen Date last borrowed Actual Cost, discounted price Bill Date Koha item type
    Dewey Decimal Classification     B.Sc Non Medical PIET NCR College Library PIET NCR College Library 01/04/2022 Kirti Praskshan IN Rupees 260.00 IN2 2 001 JAP N2092 07/06/2022 24/05/2022 215.80 01/04/2022 Text Books
    Dewey Decimal Classification     B.Sc Non Medical PIET NCR College Library PIET NCR College Library 01/04/2022 Kirti Praskshan IN Rupees 260.00 IN2 3 001 JAP N2093 04/08/2022 20/06/2022 215.80 01/04/2022 Text Books
    Dewey Decimal Classification     B.Sc Non Medical PIET NCR College Library PIET NCR College Library 01/04/2022 Kirti Praskshan IN Rupees 260.00 IN2 3 001 JAP N2094 20/06/2022 07/06/2022 215.80 01/04/2022 Text Books
    Dewey Decimal Classification     B.Sc Non Medical PIET NCR College Library PIET NCR College Library 01/04/2022 Kirti Praskshan IN Rupees 260.00 IN2 3 001 JAP N2095 08/08/2022 07/06/2022 215.80 01/04/2022 Text Books
    Dewey Decimal Classification     B.Sc Non Medical PIET NCR College Library PIET NCR College Library 01/04/2022 Kirti Praskshan IN Rupees 260.00 IN2 1 001 JAP N2096 31/08/2022 15/04/2022 215.80 01/04/2022 Text Books

Design & Developed by: PIET Central Library
R70 Miles Stone Pattikalyana Samalkha Panipat 132102
mail ID :- [email protected], Phone No:- 0180-2569700 Ex.216